|
|
|
|
| LEADER |
00802nam a2200241 a 4500 |
| 001 |
000981497 |
| 003 |
CZ BrMZK |
| 005 |
20140218140959.0 |
| 007 |
ta |
| 008 |
010825s1986 sz a er 000 0 ger d |
| 020 |
|
|
|a 3-922513-28-X
|q (brož.)
|
| 040 |
|
|
|a BOA001
|b cze
|
| 080 |
|
|
|a 821.112.2-3
|2 MRF
|
| 100 |
1 |
|
|a Ehrenstein, Albert,
|d 1886-1950
|7 xx0078502
|4 aut
|
| 245 |
1 |
0 |
|a Tubutsch :
|b eine Erzählung /
|c Albert Ehrenstein
|
| 260 |
|
|
|a Zürich :
|b Nautilus-Nemo Press,
|c 1986
|
| 300 |
|
|
|a 61 s.
|
| 650 |
0 |
7 |
|a německy psaná próza
|7 ph123466
|2 czenas
|
| 655 |
|
7 |
|a povídky
|7 fd133105
|2 czenas
|
| 910 |
|
|
|a BOA001
|b RK-0000.340
|
| 990 |
|
|
|a BK
|
| 991 |
|
|
|b 201006
|z 000007046
|x 33
|
| 996 |
7 |
|
|b 261A001351
|c RK-0000.340
|l Rakouská knihovna/2.patro
|r ZHR
|n 21
|p {1-B-00.340}
|h B-ehr
|w 000981497
|u 000020
|a 0
|e BOA001
|j MZK50
|s A
|